Dates HGGSP Terminale - Statistiques

Statistiques générales
  • Ce quiz a été pris 425 fois
    364 depuis la dernière actualisation
  • Le résultat moyen est 14 sur 68
Statistiques - réponses
Evènement Date % Correct
Traités de Westphalie 1648
78%
Première Guerre mondiale 1914 - 1918
75%
Traité de Versailles 1919
75%
Seconde Guerre mondiale 1939 - 1945
74%
Création de l'Etat d'Israël 1948
61%
Ordonnance de Colbert sur la Forêt en France 1669
59%
Premiers pas de l'Homme sur la Lune(Neil Armstrong) 1969
57%
Guerre de Sept Ans 1756 - 1763
53%
Guerre d'Algérie 1954 - 1962
53%
Convention de Montego Bay 1982
53%
Accords de Paris (COP21) 2015
47%
Création du premier parc national au monde(Yellowstone) 1872
46%
Début de la "révolution" néolithique et de l'agriculture - 10 000
42%
Envoi du premier Homme en orbite(Youri Gagarine) 1961
42%
Explosion de la première bombe atomique(Little Boy à Hiroshima) 6 août 1945
38%
Premier sommet de la Terre de Stockholm 1972
35%
Accords de Camp David 1978
30%
Pierre et Marie Curie reçoivent le prix Nobel de physique 1903
29%
Première guerre du Golfe 1990 - 1991
29%
Création du Groupe d'experts intergouvernemental sur l'évolution du climat 1988
28%
Première publication de "De la guerre" de Clausewitz 1832
26%
Découverte de la radioactivité naturelle(Henri Becquerel) 1896
24%
Mandats de Kofi Annan en tant que secrétaire général de l'ONU 1997 - 2006
24%
Signature du protocole de Kyoto 1997
22%
Guerres napoléoniennes 1803 - 1815
21%
Mission Apollo-Soyouz 1975
18%
Lois scolaires de Jules Ferry en France 1881 - 1882
17%
Fondation de la Central Intelligence Agency 1947
15%
Découverte de la radioactivité artificielle(Frédéric et Irène Joliot-Curie) 1934
13%
Création du British Museum en Grande-Bretagne 1753
12%
Remplacement de la Tchéka par le KGB 1954
12%
Naissance des smartphones 2007
12%
Création de l'Inspection générale des monuments historiques en France 1830
11%
Spurring Private Aerospace Competitiveness and Entrepreneurship (SPACE) Act 2015
11%
Petit Âge glaciaire 1300 - 1850
10%
Adoption de la convention pour la protection du patrimoine mondial, culturel et naturel par l'Unesco 1972
10%
Affaire Snowden ayant révélé l'espionnage de données par la NSA 2013
9%
Tribunal militaire international pour l'Extrême-Orient(Tokyo) 1946 - 1948
8%
Premier accord international sur le droit de la mer 1958
8%
Naissance du réseau Arpanet 1969
8%
Invention du World Wide Web 1990
8%
Affaire Cambridge Analytica 2018
8%
Convention intergouvernementale sur la biodiversité marine(BBNJ) 2018
8%
Tribunal international pour l'ex-Yougoslavie 1993 (- 2017)
7%
Appel de Paris pour une coopération internationale surla cybersécurité 2018
7%
Première pile atomique(Enrico Fermi) 1942
6%
Traité sur le fond des mers(interdiction d'y placer des armes nucléaires) 1971
6%
Premières théories climato-scpetiques 1989
5%
Popularisation du terme d'Anthropocène 2002
4%
Guerres de l'ex-Yougoslavie 1991 - 2001
3%
Première journée européenne du Patrimoine 1992
3%
Conclusion des accords d'Oslo 1993 - 1995
3%
Fondation de l'Autorité internationale des fonds marins 1994
3%
Assemblage de la station spatiale internationale (ISS) 1998 - 2011
3%
Première école gratuite pour tous (Pennsylvanie) 1834
2%
Premier ordinateur grand public(IBM) 1959
2%
Tribunal international pour le Rwanda(Gacaca) 1994 (- 2015)
2%
Génocide des Tutsis du Rwanda avril - juillet 1994
2%
Lancement du premier satellite en orbite(Spoutnik 1) octobre 1957
2%
Début de la guerre civile syrienne 15 mars 2011
1%
Fondation de l'Organisation des Nations unies pour l'éducation, la science et la culture (Unesco) 16 novembre 1945
1%
Sauvetage des temples d'Abou Simbel en Egypte 1964 - 1968
1%
Premier vol spatial habité chinois(Shenzhou 5 avec Yang Liwei) 15 oct. 2003
0%
Convention sur la sauvegarde du patrimoine culturelimmatériel 17 oct. 2003
0%
Tribunal de Nuremberg 20 nov. 1945 - 1er oct. 1946
0%
Début de la "révolution" industrielle c. 1775
0%
Sommet de la Terre de Rio juin 1992
0%
Seconde guerre du Golfe mars 2003 - 2011
0%
Aucun quiz correspondant
Distribution des résultats
% des personnes avec chaque résultat
Percentile par nombre de réponses
Votre historique - résultats
Vous n’avez pas pris ce quiz depuis la dernière actualisation